A Perfectly Good Heart - Taylor Swift (All Lyrics) - Statistics

General Stats
  • This quiz has been taken 89 times
  • The average score is 204 of 233
Answer Stats
Lyrics % Correct
A
100%
and
100%
And
100%
good
100%
heart?
100%
perfectly
100%
Why
100%
(Why)
100%
would
100%
Would
100%
you
100%
break
98%
I
98%
it
98%
It
98%
it?
98%
love
98%
wanna
96%
all
93%
No
93%
take
93%
apart
91%
tear
91%
The
91%
the
91%
now?
89%
our
89%
Our
89%
make
80%
do
78%
It's
76%
(It's
76%
me,
76%
to
76%
very
76%
be
73%
not
73%
first
71%
on
71%
scar?
71%
That
71%
that
71%
your
71%
How
67%
in
67%
what
67%
but
64%
don't
64%
matter
64%
one
64%
say
64%
way
64%
can't
62%
by
60%
sense
60%
should've
60%
Should've
60%
back
58%
believe
58%
still
58%
was
58%
seen
56%
before?
53%
signs
53%
anymore
51%
anymore)
51%
away
51%
eyes
51%
fall
51%
get
51%
walk
51%
wall
49%
Maybe
44%
read
44%
unbroken
44%
writing
44%
distance
42%
Mmm
42%
realized
42%
hmm
27%
No matching quizzes found
Score Distribution
Percent of People with Each Score
Percentile by Number Answered
Your Score History
You have not taken this quiz